| 000 | 00471nam a2200169Ia 4500 | ||
|---|---|---|---|
| 999 |
_c1020 _d1020 |
||
| 003 | OSt | ||
| 005 | 20200925140236.0 | ||
| 008 | 190216s9999||||xx |||||||||||||| ||und|| | ||
| 040 | _coclc | ||
| 082 |
_a574 _bBUF/P |
||
| 100 |
_aBuffaloe, Neal D _95017 |
||
| 245 | 0 |
_aPrinciples Of Biology / _cNeal D Buffaloe |
|
| 260 |
_bPrentice Hall India, _aNew Delhi: _c1964. |
||
| 300 | _a365p | ||
| 650 | _aBiology | ||
| 942 |
_cBK _2ddc _h574 _iBUF/P _k574 _mBUF/P |
||